| 000 | 00648nam a2200193 i 4500 | ||
|---|---|---|---|
| 001 | 65642 | ||
| 003 | ES-MaACL | ||
| 005 | 20230906165430.0 | ||
| 007 | t| | ||
| 008 | 040120s1952 it ||||1| ita d | ||
| 100 | 1 |
_aFrisoni, Gaetano. _952686 |
|
| 245 | 1 | 0 |
_aDizionario moderno _b: italiano-spagnuolo e spagnuolo-italiano / _cGaetano Frisoni ; compilato con speciale riguardo. |
| 250 | _a2ª ed. | ||
| 260 |
_aMilano : _bUlrico Hoepli, _c1952. |
||
| 300 |
_a2 v. ; _c18 cm. |
||
| 650 | 0 | 4 |
_aLengua española- _vDiccionarios- _xItaliano. _914143 |
| 650 | 0 | 4 |
_aLengua italiana- _vDiccionarios- _xEspañol. _914287 |
| 852 |
_aES-MaACL _jE-742-3 _bR.36391 |
||
| 999 |
_c65642 _d65642 |
||